000 01294cam a22003131i 4500
003 SA-RiAUC
005 20241027070616.0
008 241026s2009 ti g b f001u0 ara c
040 _aOM-MuHJI
_bara
_cSA-RiAUC
_erda
050 0 4 _bW32 2000
082 0 4 _a189.1
_qSA-RiAUC
090 _a189.1
_bا ب ن ن
100 1 _aابن النفيس، علي بن أبي الحزم القرشي،
_dتوفي 687 هجري
_eمؤلف.
245 1 0 _aشرح الوريقات في المنطق /
_cعلي بن أبي الحزم القرشي، تحقيق وتعليق عمار طالبى، فريد زيداني، فؤاد مليت.
250 _aالطبعة الأولى.
264 1 _aتونس :
_bدار العرب الإسلامي،
_c2009
300 _a425 صفحة ؛
_c24 سم
336 _aنص
_btxt
_2rdacontent
_3كتاب
337 _aبدون وسيط
_bn
_2rdamedia
338 _aمجلد
_bnc
_2rdacarrier
500 _aيشتمل على كشافات.
504 _aببليوجرافية : صفحة 410-413.
650 7 _aالمنطق
_2aucsh
700 1 _aالطالبي، عمار،
_d1934-
_eمحقق.
700 1 _aزيداني، فريد
_eمحقق.
700 1 _aمليت، فؤاد
_eمحقق.
942 _2ddc
_cBOOK
_n0
949 _aSA-JeALM
_d241026
_umohamedma123
_n1
999 _c1745
_d1745